Percy Jackson characters by picture - Statistics

General Stats
  • This quiz has been taken 500 times
  • The average score is 21 of 26
Answer Stats
Picture Answer % Correct
Annabeth Chase
99%
Ares
91%
Percy Jackson
89%
Grover Underwood
88%
Nico di Angelo
87%
Chiron
86%
Poseidon
86%
Athena
85%
Luke Castellan
85%
Tyson
85%
Rachel Elizabeth Dare
83%
Aphrodite
81%
Bianca di Angelo
81%
Thalia Grace
80%
Clarisse La Rue
78%
Zoë Nightshade
78%
Travis and Connor Stoll
77%
Demeter
76%
Hephaestus
76%
Will Solace
74%
Hera
73%
Charles Beckendorf
72%
Calypso
70%
Ethan Nakamura
70%
Silena Beauregard
67%
Juniper
66%
No matching quizzes found
Score Distribution
Percent of People with Each Score
Percentile by Number Answered
Your Score History
You have not taken this quiz